[Event "Stockholm op"]
[Site "Stockholm"]
[Date "2014.05.29"]
[Round "3"]
[White "Moisander, Ivar"]
[Black "Flodmark, Tarras"]
[Result "1/2-1/2"]
[WhiteElo "1731"]
[BlackElo "1924"]
[PlyCount "95"]
[EventDate "2014.05.28"]
[EventType "swiss"]
[EventRounds "9"]
[EventCountry "SWE"]
[SourceTitle "CBM 160 Extra"]
[Source "ChessBase"]
[SourceDate "2014.07.01"]
[SourceVersion "1"]
[SourceVersionDate "2014.07.01"]
[SourceQuality "1"]

1. c4 Nf6 2. g3 e6 3. Bg2 d5 4. d4 Be7 5. Nf3 0-0 6. 0-0 c6 7. b3 Nbd7 8. Nc3 b6 9. Qc2 Bb7 10. Bf4 Rc8 11. Ne5 c5 12. dxc5 Nxe5 13. Bxe5 Bxc5 14. Rad1 Qe7 15. Qb2 Ng4 16. Bd4 Bxd4 17. Rxd4 Nf6 18. cxd5 exd5 19. Nxd5 Nxd5 20. Bxd5 Bxd5 21. Rxd5 Qe4 22. Rd2 Rce8 23. e3 Re6 24. Rc1 Rh6 25. Qd4 Qf3 26. Qd5 Qg4 27. Rc7 Qh3 28. Qg2 Qf5 29. Rxa7 Rc8 30. Rd1 Qc2 31. Qf3 Rf6 32. Rad7 Rf8 33. Qg2 Qxa2 34. Rd8 g6 35. Rxf8+ Kxf8 36. b4 Qc2 37. Qf1 Kg7 38. Qe1 Rxf2 39. Qxf2 Qxd1+ 40. Qf1 Qxf1+ 41. Kxf1 Kf6 42. Ke2 Ke5 43. Kd3 b5 44. h3 h6 45. e4 h5 46. h4 f6 47. Ke3 g5 48. Kd3 1/2-1/2